000 00539nam a2200205Ia 4500
005 20260531145103.0
008 260531s9999 xx 000 0 und d
020 _a9788173715228
041 _aEnglish
082 _a681.3.425.1 SAH
100 _aSartaj Sahni
245 0 _aData Structures, Algorithms and Applications in C++
250 _a2
260 _bUniversities Press (India) Private Limited
_aHyderabad
_c2005
300 _bPaper Back
_a792+24
365 _b350
563 _aPaper Back
650 _a C++
942 _cBK
999 _c195025
_d195025